000 00534nam a2200181Ia 4500
005 20250326142246.0
008 250326s9999 xx 000 0 und d
037 _aTextbook
040 _aFMSL
_beng
_cFMSL
041 _aeng
_2eng
084 _aX:74 N3
_qFMSL
100 _aMacdonald J
_9745819
245 0 _aGlobal quality: The New manage of culture
_cMacdonald J; Piggott J
260 _aNew Delhi
_bNew Delhi, Viva Book Publication Ltd
_c1992
300 _a227p
942 _cTB
_hX:74 N3
999 _c1294169
_d1294169